000 05356nam a22003257a 4500
005 20161026134914.0
008 130419s1776||||it fr|||||001|0|lat|d
040 _aCo-BoUCM
_bspa
_cSandra Yazo (modificó)
_dSandra Yazo (modificó)
041 0 _alat
082 0 4 _a189.4
_220
092 _aE05N016
100 1 _aBerger, Ra. de
_937747
242 0 0 _aTratado de filosofía, que comprende la lógica, crítica, ética, metafísica y la física, que se tratan con un método ecléctico para los aprendices de la filosofía
_cpor Ra. de Berger
_nTomo primero Elementos de lógica, crítica y ética.
_nTomo segundo Elementos de metafísica.
_pTomo tercero Fisiosofía - Parte I.
_pTomo cuarto Elementos de fisiosofía - Parte II.
_pTomo quinto Elementos de Fisiosofía - Parte III.
_pTomo sexto Elementos de fisiosofía - Parte III.
_pTomo Séptimo Elementos de Fisiosofía - Parte IV.
_yspa
245 1 0 _aInstitutiones philosophicae seu logico-critices, ethicesque, tum metaphysices, demum vero physices elementa, Philosophiae candidati eclectica methodo digesta, atque elucubrata
_ca Ra. de Berger ...
_nTomus primus Logico-Critices, & Ethices elementa.
_nTomus II Metaphysices elementa.
_nTomus III Physiosophiae - Pars I.
_nTomus IV Elementorum physiosophiae - Pars II.
_nTomus V Elementorum physiosophiae - Pars III.
_nTomus VI Elementorum physiosophiae - Pars III.
_nTomus VII Elementorum physiosophiae - Pars IV.
260 _aVenetiis [Venecia]
_bApud Franciscum ex Nicolao Pezzana [En los talleres de Francisco y Nicolás Pezzana]
_c1776
300 _a7 volúmenes (xxviii, 368, [2] ; viii, 339 ; xii, 460 páginas, 9 hojas plegadas ; iv, 442 páginas, 8 hojas plegadas ; 444 páginas, 21 hojas plegadas ; 536 páginas, 8 hojas plegadas ; 575 páginas)
_bilustraciones
_c16 x 10 cm.
500 _aDetalles físicos (Colección): Encuadernación rígida en pergamino. Guardas. Portada impresa en una sola tinta. Palabras a los estudiantes de filosofía. Introducción. Licencias y permisos. Mayúsculas capitales. Signaturas y reclamos. Texto impreso en una sola columna con varios tipos y tamaños de letra. Papel de regular calidad. Varias hojas láminas plegadas entre el texto y al final de los volúmenes. V.1 algunas págs. xiii y xvi desprendidas. Págs. 40 – 41 hoja plegada. Guarda posterior empieza a desprenderse. Guarda delantera con una anotación de donación, que se repite en otros volúmenes. V.2 Sin guarda delantera. V.3. papel muy manchado. V.4 Desgarrón en el pergamino de la tapa delantera. V.5 Papel con mucha deformación de plano, ejemplar empieza a desencuadernarse. V.7 ejemplar en regular estado de conservación, desencuadernado. Algunas páginas del final, con las esquinas dobladas.
505 0 _aV.1: Introducción: La filosofía y su historia ; Lógica-Crítica: Obstáculos en la búsqueda de la verdad y cómo superarlos ; Reglas y leyes de la dialéctica sobre la argumentación y el raciocinio ; La verdad y la falsedad ; La simple percepción de las cosas (ideas) ; El juicio y el enunciado ; El raciocinio -- Apéndice: El método ; La crítica – V.2: Metafísica pura u Ontología: Naturaleza del ente ; Diversidad de los entes ; Actividad de los entes ; Modos y estados del ente -- Pneumatosofía – Parte I: El alma humana: origen, facultades, atributos ; Libertad del alma ; Naturaleza y esencia del alma ; Inmortalidad ; Unión cuerpo-alma ; Los animales -- Pneumatosofía – Parte II: Dios: Nociones previas ; Existencia ; Perfecciones ; Atributos ; Absurdo del ateísmo ; La religión -- V.3: Naturaleza de los cuerpos ; Atributos de los cuerpos ; Movimiento y equilibrio de los cuerpos -- V.4: El cielo: Astronomía esférica ; Astronomía teórico-física ; Planetas ; Estrellas fijas ; Cometas ; Meteorosofía: Los meteoros de tierra, de agua, de aire -- V.5: El mundo ; El globo terráqueo ; Los elementos -- El agua: Naturaleza y propiedades ; El agua marina ; El agua de las fuentes y de los ríos ; Movimientos naturales y artificiales del agua -- V.6: Los elementos en general ; Las propiedades y cualidades de los elementos ; La gravitación, equilibrio y sede de los elementos ; El aire ; El fuego -- V.7: Los seres vivientes dotados de razón ; Los vivientes irracionales ; Los seres vivos vegetales
506 _aConsulta en sala
546 _aTexto en latín
650 7 _aFilosofía
_xEnseñanza
_xObras anteriores a 1800
_975
650 7 _aFilosofía
_xLibros de texto
_xObras anteriores a 1800
_937748
690 _aFilosofía
_975
856 4 1 _uhttps://books.google.com.co/books?id=xF5se94onjcC&printsec=frontcover&source=gbs_ge_summary_r&cad=0#v=onepage&q&f=false
_zDisponible en línea V.1
856 4 1 _uhttps://books.google.com.co/books?id=JhzyqnxN06wC&printsec=frontcover&source=gbs_ge_summary_r&cad=0#v=onepage&q&f=false
_zDisponible en línea V.2
856 4 1 _uhttps://books.google.com.co/books?id=yOw3u6Skms0C&printsec=frontcover&source=gbs_ge_summary_r&cad=0#v=onepage&q&f=false
_zDisponible en línea V.3
856 4 1 _uhttps://books.google.com.co/books?id=XEWHe_haJrEC&printsec=frontcover&source=gbs_ge_summary_r&cad=0#v=onepage&q&f=false
_zDisponible en línea V.4
856 4 1 _uhttps://books.google.com.co/books?id=yrD1P5OJc50C&printsec=frontcover&source=gbs_ge_summary_r&cad=0#v=onepage&q&f=false
_zDisponible en línea V.5
942 _cLIBRO
_e1
_a2
_2LOCAL
_hE05N016
999 _c69567
_d69567